000 00204nam a22000857a 4500
008 170120b xxu||||| |||| 00| 0 eng d
100 _92515
_aCBSE
245 _aHindi Story book
260 _aNew Delhi
_bCBSE
_c2010
999 _c5588
_d5588